• 首页
  • 本馆介绍
  • 公告通知
  • 最新文献
  • 馆藏检索
  • 电子资源
  • 读者导购
  • 参考咨询
  • 我的图书馆
  • 登录
  • 详细信息显示
  • 放入我的书架
  • 预约/预借图书
  • 作者相关作品
  • 分类相关作品
  • 丛书相关作品
  • 出版社相关作品

书目信息

  • 表格格式
  • 工作单格式
  • 卡片格式
题名:
寻找失落的古文明
    
 
作者: 王志艳 编著
分册:  
出版信息: 延吉   延边大学出版社  2018重印
页数: 190页
开本: 23cm
丛书名: 破译科学系列
单 册:
中图分类: K11-49
科图分类:
主题词: 远古文化--Yuan gu Wen hua--世界--普及读物
电子资源:
ISBN: 978-7-5634-5036-7
000 00915nam 2200265 45
001 012001011038
005 20140105081205.0
010    @a978-7-5634-5036-7@dCNY29.80
099    @aCAL 012014080920
100    @a20140625d2012 em y0chiy50 ea
101 0  @achi
102    @aCN@b220000
105    @aa z 000yy
106    @ar
200 1  @a寻找失落的古文明@Axun zhao shi luo de gu wen ming@f王志艳编著
210    @a延吉@c延边大学出版社@d2018重印
215    @a190页@c图@d23cm
225 2  @a破译科学系列@APo yi Ke xue Xi lie
330    @a无数废墟的留存给了我们长久回望的可能,打开本书,就仿佛打开了通往失落文明的大门,他将带领读者沿着历史的长河上行,去亲近那些人类文明的精彩篇章。
410  0 @12002 @a破译科学系列
606 0  @a远古文化@AYuan gu Wen hua@y世界@j普及读物
690    @aK11-49@v5
701  0 @a王志艳@AWang Zhi Yan@4编著
801  2 @aCN@b上海新华@c20191020
905    @b1137708-9@dK11-49@e306@f2
    
    寻找失落的古文明/王志艳编著.-延吉:延边大学出版社,2018重印
    190页:图;23cm.-(破译科学系列)
    
    
    ISBN 978-7-5634-5036-7:CNY29.80
    无数废墟的留存给了我们长久回望的可能,打开本书,就仿佛打开了通往失落文明的大门,他将带领读者沿着历史的长河上行,去亲近那些人类文明的精彩篇章。
●
相关链接 在E读中查询图书 在五车中查询图书 在当当中查询图书 在豆瓣中查询图书


正题名:寻找失落的古文明     索取号:K11-49/306         预约/预借

序号 登录号 条形码 馆藏地/架位号 状态 备注
1 1137708   211377080   第二样本阅览室/ [索取号:K11-49/306] 在馆    
2 1137709   211377099   第二借阅区/ [索取号:K11-49/306] 在馆    
唐山师范学院图书馆 欢迎您!
大连网信软件有限公司© 版权所有